[Event "EYCC 2024 - G14"]
[Site "?"]
[Date "2024.08.25"]
[Round "4.9"]
[White "Tokarz, Gabriela"]
[Black "Li, Anna Sofie"]
[Result "1-0"]
[BlackElo "2032"]
[WhiteElo "1845"]
[LiveChessVersion "1.4.8"]

1. d4 {[%clk 1:30:59]} d5 {[%clk 1:30:54]} 2. c4 {[%clk 1:31:25]} c6
{[%clk 1:31:20]} 3. cxd5 {[%clk 1:31:52]} cxd5 {[%clk 1:31:39]} 4. Nc3
{[%clk 1:32:17]} Nf6 {[%clk 1:30:51]} 5. Nf3 {[%clk 1:32:41]} Nc6
{[%clk 1:28:46]} 6. Bf4 {[%clk 1:33:02]} Bf5 {[%clk 1:28:29]} 7. e3
{[%clk 1:33:16]} e6 {[%clk 1:28:12]} 8. Qb3 {[%clk 1:33:38]} Bb4 {[%clk 1:17:51]}
9. Bb5 {[%clk 1:33:59]} Bxc3+ {[%clk 1:14:39]} 10. Qxc3 {[%clk 1:34:11]} O-O
{[%clk 1:09:21]} 11. Bxc6 {[%clk 1:34:17]} Rc8 {[%clk 1:06:31]} 12. Ne5
{[%clk 1:34:36]} Ne4 {[%clk 1:03:28]} 13. Qa3 {[%clk 1:31:54]} bxc6
{[%clk 1:03:49]} 14. Rc1 {[%clk 1:28:50]} Qe8 {[%clk 0:51:33]} 15. Nd3
{[%clk 1:20:56]} g5 {[%clk 0:45:10]} 16. Bg3 {[%clk 1:19:50]} Nxg3
{[%clk 0:44:52]} 17. hxg3 {[%clk 1:20:13]} Bxd3 {[%clk 0:44:27]} 18. Qxd3
{[%clk 1:20:38]} f5 {[%clk 0:44:49]} 19. O-O {[%clk 1:13:25]} Rf7
{[%clk 0:40:03]} 20. Rc5 {[%clk 1:11:45]} h5 {[%clk 0:37:55]} 21. Rfc1
{[%clk 1:05:52]} Rb7 {[%clk 0:33:30]} 22. b3 {[%clk 1:02:45]} Kf8
{[%clk 0:30:09]} 23. Qa6 {[%clk 1:01:58]} Rbc7 {[%clk 0:29:01]} 24. b4
{[%clk 1:00:46]} Ke7 {[%clk 0:23:14]} 25. b5 {[%clk 0:59:36]} h4 {[%clk 0:21:58]}
26. gxh4 {[%clk 0:56:13]} gxh4 {[%clk 0:18:54]} 27. Rxc6 {[%clk 0:56:06]} Rxc6
{[%clk 0:18:43]} 28. Rxc6 {[%clk 0:56:27]} Rxc6 {[%clk 0:17:20]} 29. bxc6
{[%clk 0:56:43]} Kf6 {[%clk 0:15:15]} 30. c7 {[%clk 0:56:53]} 1-0

[Event "EYCC 2024 - G14"]
[Site "?"]
[Date "2024.08.25"]
[Round "4.10"]
[White "Zagorac, Lara"]
[Black "Aldea, Maria-Antonia"]
[Result "1-0"]
[BlackElo "1827"]
[WhiteElo "2012"]
[LiveChessVersion "1.4.8"]

1. d4 {[%clk 1:30:58]} Nf6 {[%clk 1:30:53]} 2. c4 {[%clk 1:31:10]} e6
{[%clk 1:31:18]} 3. g3 {[%clk 1:31:28]} Bb4+ {[%clk 1:31:18]} 4. Bd2
{[%clk 1:31:36]} Qe7 {[%clk 1:31:42]} 5. Nf3 {[%clk 1:31:52]} Bxd2+
{[%clk 1:30:45]} 6. Nfxd2 {[%clk 1:32:06]} Nc6 {[%clk 1:25:12]} 7. e3
{[%clk 1:32:17]} a5 {[%clk 1:20:11]} 8. Nc3 {[%clk 1:28:31]} d6 {[%clk 1:19:00]}
9. Bg2 {[%clk 1:22:16]} e5 {[%clk 1:17:25]} 10. O-O {[%clk 1:07:01]} O-O
{[%clk 1:14:49]} 11. Nd5 {[%clk 1:04:29]} Qd8 {[%clk 1:11:05]} 12. dxe5
{[%clk 0:55:58]} Nxe5 {[%clk 1:10:29]} 13. Qc2 {[%clk 0:55:41]} Nfd7
{[%clk 1:05:42]} 14. Rfd1 {[%clk 0:51:47]} Nc5 {[%clk 1:04:49]} 15. h3
{[%clk 0:49:13]} Re8 {[%clk 0:58:46]} 16. Nb3 {[%clk 0:45:32]} Ned7
{[%clk 0:57:04]} 17. Qc3 {[%clk 0:44:43]} a4 {[%clk 0:51:46]} 18. Nd4
{[%clk 0:43:00]} Nf8 {[%clk 0:44:25]} 19. Qc2 {[%clk 0:34:55]} c6
{[%clk 0:41:37]} 20. Nc3 {[%clk 0:32:42]} Qc7 {[%clk 0:38:35]} 21. Rd2
{[%clk 0:27:32]} Be6 {[%clk 0:37:18]} 22. Nce2 {[%clk 0:27:13]} Rad8
{[%clk 0:34:28]} 23. Rad1 {[%clk 0:27:11]} Bc8 {[%clk 0:31:37]} 24. Nc3
{[%clk 0:26:15]} Qa5 {[%clk 0:31:26]} 25. Nce2 {[%clk 0:20:35]} Qc7
{[%clk 0:28:02]} 26. Nf3 {[%clk 0:19:54]} Be6 {[%clk 0:23:13]} 27. Ng5
{[%clk 0:19:11]} Rd7 {[%clk 0:22:12]} 28. Ne4 {[%clk 0:15:22]} Nxe4
{[%clk 0:20:52]} 29. Qxe4 {[%clk 0:15:07]} Red8 {[%clk 0:19:34]} 30. Qc2
{[%clk 0:14:33]} Qa5 {[%clk 0:19:22]} 31. e4 {[%clk 0:13:00]} Qb4
{[%clk 0:17:53]} 32. b3 {[%clk 0:11:51]} axb3 {[%clk 0:18:08]} 33. axb3
{[%clk 0:12:08]} Qc5 {[%clk 0:15:03]} 34. Nf4 {[%clk 0:11:44]} b5
{[%clk 0:13:38]} 35. Nxe6 {[%clk 0:10:30]} Nxe6 {[%clk 0:13:55]} 36. cxb5
{[%clk 0:10:35]} Qxb5 {[%clk 0:13:56]} 37. Bf1 {[%clk 0:10:11]} Qb6
{[%clk 0:12:10]} 38. Bc4 {[%clk 0:10:09]} Nc5 {[%clk 0:11:51]} 39. Rd4
{[%clk 0:06:56]} Nb7 {[%clk 0:09:30]} 40. Be2 {[%clk 0:06:41]} Re7
{[%clk 0:08:54]} 41. b4 {[%clk 0:05:43]} c5 {[%clk 0:08:23]} 42. bxc5
{[%clk 0:05:46]} Nxc5 {[%clk 0:08:49]} 43. Bc4 {[%clk 0:05:14]} Nb7
{[%clk 0:06:32]} 44. Bd5 {[%clk 0:05:24]} Nc5 {[%clk 0:06:28]} 45. Rb1
{[%clk 0:05:31]} Qa7 {[%clk 0:06:02]} 46. Rdb4 {[%clk 0:05:22]} h6
{[%clk 0:05:07]} 47. Kg2 {[%clk 0:04:51]} Rc7 {[%clk 0:04:48]} 48. Qe2
{[%clk 0:04:24]} Re7 {[%clk 0:04:30]} 49. Qf3 {[%clk 0:04:40]} Rde8
{[%clk 0:04:12]} 50. h4 {[%clk 0:03:23]} Qc7 {[%clk 0:02:22]} 51. g4
{[%clk 0:03:21]} Ne6 {[%clk 0:00:41]} 52. Rb7 {[%clk 0:02:11]} Qd8
{[%clk 0:00:55]} 53. Qf5 {[%clk 0:01:06]} Rxb7 {[%clk 0:00:41]} 54. Rxb7
{[%clk 0:01:15]} Re7 {[%clk 0:01:07]} 55. Rb2 {[%clk 0:01:07]} Nd4
{[%clk 0:00:46]} 56. Qf4 {[%clk 0:01:03]} Ne6 {[%clk 0:00:51]} 57. Qg3
{[%clk 0:01:16]} Nc5 {[%clk 0:00:56]} 58. Ra2 {[%clk 0:00:49]} Nxe4
{[%clk 0:00:33]} 59. Qf3 {[%clk 0:00:47]} Qe8 60. Ra8 {[%clk 0:01:00]} Qxa8
{[%clk 0:00:53]} 61. Bxa8 {[%clk 0:01:19]} Nf6 {[%clk 0:01:16]} 62. g5
{[%clk 0:01:28]} hxg5 {[%clk 0:01:42]} 63. hxg5 {[%clk 0:01:52]} Nd7
{[%clk 0:02:05]} 64. Bd5 {[%clk 0:01:55]} Ne5 {[%clk 0:02:27]} 65. Qa3
{[%clk 0:02:07]} g6 {[%clk 0:02:50]} 66. Qxd6 {[%clk 0:02:11]} Re8
{[%clk 0:03:18]} 67. f4 {[%clk 0:02:18]} Nd3 {[%clk 0:03:10]} 68. Qxg6+
{[%clk 0:02:30]} 1-0

[Event "EYCC 2024 - G14"]
[Site "?"]
[Date "2024.08.25"]
[Round "4.11"]
[White "Kalandadze, Mariam"]
[Black "Slivova, Linda"]
[Result "1-0"]
[BlackElo "1963"]
[WhiteElo "1826"]
[LiveChessVersion "1.4.8"]

1. d4 {[%clk 1:30:59]} d5 {[%clk 1:30:52]} 2. c4 {[%clk 1:31:25]} c6
{[%clk 1:30:38]} 3. Nf3 {[%clk 1:31:50]} e6 {[%clk 1:30:26]} 4. Nc3
{[%clk 1:32:11]} f5 {[%clk 1:30:44]} 5. g3 {[%clk 1:32:32]} Nf6 {[%clk 1:31:01]}
6. Bg2 {[%clk 1:32:57]} Be7 {[%clk 1:30:41]} 7. O-O {[%clk 1:32:31]} O-O
{[%clk 1:30:57]} 8. Qc2 {[%clk 1:27:44]} Ne4 {[%clk 1:29:17]} 9. Ne5
{[%clk 1:20:23]} Nd7 {[%clk 1:19:02]} 10. Nxd7 {[%clk 1:15:33]} Bxd7
{[%clk 1:18:08]} 11. f3 {[%clk 1:12:10]} Nxc3 {[%clk 1:16:30]} 12. Qxc3
{[%clk 1:11:03]} Bf6 {[%clk 1:14:32]} 13. e4 {[%clk 1:04:00]} dxc4
{[%clk 0:59:02]} 14. Qxc4 {[%clk 0:58:03]} Kh8 {[%clk 0:56:27]} 15. Be3
{[%clk 0:55:17]} e5 {[%clk 0:46:06]} 16. dxe5 {[%clk 0:50:57]} Bxe5
{[%clk 0:44:34]} 17. Rfd1 {[%clk 0:37:15]} Qc7 {[%clk 0:39:05]} 18. f4
{[%clk 0:34:46]} Bxb2 {[%clk 0:32:57]} 19. Rab1 {[%clk 0:34:58]} Bf6
{[%clk 0:32:00]} 20. Bc5 {[%clk 0:19:24]} b5 {[%clk 0:10:22]} 21. Qb3
{[%clk 0:17:57]} fxe4 {[%clk 0:03:45]} 22. Bxf8 {[%clk 0:17:42]} Rxf8
{[%clk 0:04:09]} 23. Bxe4 {[%clk 0:17:29]} Qb6+ {[%clk 0:04:19]} 24. Kg2
{[%clk 0:16:03]} Bg4 {[%clk 0:03:35]} 25. Rd6 {[%clk 0:12:10]} Re8
{[%clk 0:01:38]} 26. Qd3 {[%clk 0:07:37]} Qa5 {[%clk 0:01:52]} 27. a3
{[%clk 0:04:19]} Qa4 {[%clk 0:00:36]} 28. Rb4 {[%clk 0:03:41]} Qa5
{[%clk 0:01:01]} 29. Rxc6 {[%clk 0:02:26]} Rd8 {[%clk 0:00:45]} 30. Rd6
{[%clk 0:02:16]} Rc8 {[%clk 0:00:41]} 31. Rxb5 {[%clk 0:01:31]} Qe1
{[%clk 0:01:02]} 32. Rb1 {[%clk 0:01:50]} Qa5 {[%clk 0:00:59]} 33. h3
{[%clk 0:01:40]} Bh5 {[%clk 0:00:44]} 34. Rd5 {[%clk 0:01:44]} Qa4
{[%clk 0:00:33]} 35. Rxh5 {[%clk 0:02:02]} h6 {[%clk 0:00:54]} 36. Rhb5
{[%clk 0:02:09]} Re8 {[%clk 0:01:04]} 37. R1b4 {[%clk 0:01:33]} Qa6
{[%clk 0:01:05]} 38. Rb8 {[%clk 0:01:14]} Qe6 {[%clk 0:01:04]} 39. Rxe8+
{[%clk 0:01:38]} Qxe8 {[%clk 0:01:30]} 40. Qd6 {[%clk 0:01:47]} Bd8
{[%clk 0:01:04]} 41. Kf3 {[%clk 0:01:18]} Qh5+ {[%clk 0:00:46]} 42. Ke3
{[%clk 0:01:44]} Bb6+ {[%clk 0:00:36]} 43. Rxb6 {[%clk 0:02:09]} 1-0

[Event "EYCC 2024 - G14"]
[Site "?"]
[Date "2024.08.25"]
[Round "4.12"]
[White "Trunz, Tamila"]
[Black "Wieczorek, Maja"]
[Result "0-1"]
[BlackElo "1818"]
[WhiteElo "1962"]
[LiveChessVersion "1.4.8"]

1. e4 {[%clk 1:30:57]} c5 {[%clk 1:30:56]} 2. Nf3 {[%clk 1:31:20]} d6
{[%clk 1:31:14]} 3. d4 {[%clk 1:31:43]} cxd4 {[%clk 1:31:34]} 4. Nxd4
{[%clk 1:32:01]} Nf6 {[%clk 1:31:56]} 5. Nc3 {[%clk 1:32:19]} g6 {[%clk 1:32:18]}
6. Be3 {[%clk 1:32:09]} Bg7 {[%clk 1:32:39]} 7. f3 {[%clk 1:32:15]} O-O
{[%clk 1:32:44]} 8. Qd2 {[%clk 1:32:38]} Nc6 {[%clk 1:32:44]} 9. O-O-O
{[%clk 1:32:13]} d5 {[%clk 1:32:23]} 10. exd5 {[%clk 1:31:40]} Nxd5
{[%clk 1:32:09]} 11. Nxc6 {[%clk 1:31:14]} bxc6 {[%clk 1:32:12]} 12. Bd4
{[%clk 1:30:59]} e5 {[%clk 1:32:09]} 13. Bc5 {[%clk 1:30:54]} Be6
{[%clk 1:32:18]} 14. Ne4 {[%clk 1:18:34]} Qc7 {[%clk 1:30:53]} 15. h4
{[%clk 1:10:18]} Rfd8 {[%clk 1:29:19]} 16. Qf2 {[%clk 0:57:46]} h6
{[%clk 1:19:45]} 17. Bc4 {[%clk 0:53:23]} Qb7 {[%clk 0:51:49]} 18. Ba3
{[%clk 0:48:18]} Rab8 {[%clk 0:46:13]} 19. Rd2 {[%clk 0:45:56]} f5
{[%clk 0:22:32]} 20. Nc5 {[%clk 0:44:40]} Qf7 {[%clk 0:22:19]} 21. Rhd1
{[%clk 0:38:09]} h5 {[%clk 0:15:02]} 22. Nxe6 {[%clk 0:32:15]} Qxe6
{[%clk 0:15:23]} 23. Bxd5 {[%clk 0:22:13]} cxd5 {[%clk 0:15:30]} 24. Kb1
{[%clk 0:14:53]} d4 {[%clk 0:09:36]} 25. c3 {[%clk 0:11:40]} Bh6 {[%clk 0:09:29]}
26. Rd3 {[%clk 0:10:04]} Be3 {[%clk 0:08:27]} 27. Qg3 {[%clk 0:08:23]} e4
{[%clk 0:04:48]} 28. fxe4 {[%clk 0:05:02]} fxe4 {[%clk 0:05:04]} 29. Rxd4
{[%clk 0:04:33]} Bxd4 {[%clk 0:05:15]} 30. cxd4 {[%clk 0:03:29]} Rbc8
{[%clk 0:04:54]} 31. Qe3 {[%clk 0:03:16]} Qc6 {[%clk 0:04:43]} 32. Qb3+
{[%clk 0:02:56]} Kh8 {[%clk 0:04:26]} 33. d5 {[%clk 0:02:25]} Rxd5
{[%clk 0:04:06]} 34. Rf1 {[%clk 0:01:53]} Rd3 {[%clk 0:02:50]} 0-1

[Event "EYCC 2024 - G14"]
[Site "?"]
[Date "2024.08.25"]
[Round "4.13"]
[White "Bauer, Laura Sophie"]
[Black "Koghuashvili, Tekla"]
[Result "0-1"]
[BlackElo "1805"]
[WhiteElo "1943"]
[LiveChessVersion "1.4.8"]

1. e4 {[%clk 1:30:57]} c5 {[%clk 1:30:56]} 2. Nf3 {[%clk 1:31:21]} d6
{[%clk 1:31:22]} 3. d4 {[%clk 1:31:46]} cxd4 {[%clk 1:31:48]} 4. Nxd4
{[%clk 1:32:11]} Nf6 {[%clk 1:32:12]} 5. f3 {[%clk 1:32:34]} a6 {[%clk 1:32:36]}
6. c4 {[%clk 1:32:46]} Nc6 {[%clk 1:29:10]} 7. Be3 {[%clk 1:30:11]} g6
{[%clk 1:26:26]} 8. Nc3 {[%clk 1:29:24]} Bg7 {[%clk 1:26:18]} 9. Qd2
{[%clk 1:29:05]} Nxd4 {[%clk 1:25:00]} 10. Bxd4 {[%clk 1:29:26]} Be6
{[%clk 1:24:13]} 11. Be2 {[%clk 1:29:02]} Rb8 {[%clk 1:20:08]} 12. O-O
{[%clk 1:28:20]} Qd7 {[%clk 1:18:34]} 13. b3 {[%clk 1:10:36]} O-O
{[%clk 1:14:16]} 14. Rac1 {[%clk 1:06:18]} b5 {[%clk 1:06:55]} 15. Nd5
{[%clk 1:03:24]} Bxd5 {[%clk 1:00:48]} 16. cxd5 {[%clk 1:03:40]} Rfc8
{[%clk 1:00:05]} 17. Rxc8+ {[%clk 1:02:44]} Rxc8 {[%clk 1:00:25]} 18. Be3
{[%clk 1:01:55]} e6 {[%clk 0:57:24]} 19. dxe6 {[%clk 1:01:55]} Qxe6
{[%clk 0:57:47]} 20. Rd1 {[%clk 1:00:31]} d5 {[%clk 0:55:56]} 21. e5
{[%clk 0:53:45]} Qxe5 {[%clk 0:55:09]} 22. Bd4 {[%clk 0:53:53]} Qe6
{[%clk 0:53:10]} 23. Bf1 {[%clk 0:53:40]} Rd8 {[%clk 0:52:28]} 24. Re1
{[%clk 0:52:02]} Qd7 {[%clk 0:49:27]} 25. Qa5 {[%clk 0:49:32]} Ra8
{[%clk 0:40:02]} 26. a4 {[%clk 0:46:25]} bxa4 {[%clk 0:36:47]} 27. bxa4
{[%clk 0:46:19]} Qc6 {[%clk 0:33:53]} 28. Re7 {[%clk 0:43:28]} Qd6
{[%clk 0:22:40]} 29. Bc5 {[%clk 0:41:29]} Qf4 {[%clk 0:22:33]} 30. Be3
{[%clk 0:41:15]} Qf5 {[%clk 0:22:05]} 31. Qc7 {[%clk 0:39:57]} Rc8
{[%clk 0:20:35]} 32. Qb7 {[%clk 0:38:49]} Bf8 {[%clk 0:17:37]} 33. Rc7
{[%clk 0:34:09]} Re8 {[%clk 0:15:16]} 34. Bf2 {[%clk 0:32:32]} Bd6
{[%clk 0:11:36]} 35. Rxf7 {[%clk 0:31:13]} Qe5 {[%clk 0:10:40]} 36. Rg7+
{[%clk 0:28:19]} Kh8 {[%clk 0:11:04]} 37. g3 {[%clk 0:28:28]} Be7
{[%clk 0:11:00]} 38. Rxe7 {[%clk 0:27:22]} Rxe7 {[%clk 0:11:02]} 39. Qxa6
{[%clk 0:27:35]} Kg7 {[%clk 0:09:59]} 40. Qb5 {[%clk 0:25:10]} Qc3
{[%clk 0:07:49]} 41. Qd3 {[%clk 0:24:09]} Qa5 {[%clk 0:07:23]} 42. Qb5
{[%clk 0:23:57]} Qc3 {[%clk 0:07:19]} 43. Qd3 {[%clk 0:24:18]} Qa1
{[%clk 0:07:26]} 44. Qd4 {[%clk 0:22:02]} Qa3 {[%clk 0:07:22]} 45. Qc5
{[%clk 0:21:55]} Qxc5 {[%clk 0:07:41]} 46. Bxc5 {[%clk 0:22:20]} Re8
{[%clk 0:06:00]} 47. a5 {[%clk 0:20:39]} Ra8 {[%clk 0:06:04]} 48. a6
{[%clk 0:20:58]} Nd7 {[%clk 0:06:11]} 49. Bd4+ {[%clk 0:21:24]} Kf7
{[%clk 0:06:28]} 50. Bb5 {[%clk 0:21:15]} Ke6 {[%clk 0:06:13]} 51. Bxd7+
{[%clk 0:16:32]} Kxd7 {[%clk 0:06:37]} 52. a7 {[%clk 0:16:57]} Kc6
{[%clk 0:06:56]} 53. Kf2 {[%clk 0:17:19]} Kb5 {[%clk 0:07:19]} 54. Ke3
{[%clk 0:16:32]} Kc4 {[%clk 0:07:35]} 55. Bb6 {[%clk 0:16:47]} Re8+
{[%clk 0:07:59]} 56. Kd2 {[%clk 0:17:00]} d4 {[%clk 0:08:25]} 57. f4
{[%clk 0:16:45]} Kd5 {[%clk 0:08:28]} 58. Bc7 {[%clk 0:11:34]} Kc6
{[%clk 0:07:26]} 59. Be5 {[%clk 0:11:45]} Kb7 {[%clk 0:06:42]} 60. Bxd4
{[%clk 0:12:08]} Re6 {[%clk 0:06:41]} 61. h4 {[%clk 0:10:17]} h5 {[%clk 0:05:42]}
62. Bf2 {[%clk 0:09:56]} Re4 {[%clk 0:04:59]} 63. Be3 {[%clk 0:07:38]} Ka8
{[%clk 0:04:46]} 64. Ke2 {[%clk 0:07:39]} Ra4 {[%clk 0:04:58]} 65. Kf3
{[%clk 0:06:54]} Ra3 {[%clk 0:05:21]} 66. Ke4 {[%clk 0:07:02]} Kb7
{[%clk 0:05:32]} 67. Bf2 {[%clk 0:06:32]} Rb3 {[%clk 0:03:36]} 68. Be3
{[%clk 0:06:33]} Rb2 {[%clk 0:03:43]} 69. Kf3 {[%clk 0:06:14]} Rb3
{[%clk 0:03:43]} 70. Ke4 {[%clk 0:06:34]} Rb1 {[%clk 0:04:04]} 71. Bf2
{[%clk 0:06:37]} Ra1 {[%clk 0:04:14]} 72. Be3 {[%clk 0:06:57]} Ra3
{[%clk 0:03:13]} 73. Bf2 {[%clk 0:07:11]} Ra2 {[%clk 0:02:49]} 74. Be3
{[%clk 0:07:35]} Ra5 {[%clk 0:02:26]} 75. Bf2 {[%clk 0:07:41]} Kc6
{[%clk 0:02:33]} 76. Be3 {[%clk 0:06:32]} Kd6 {[%clk 0:02:28]} 77. Bf2
{[%clk 0:06:23]} Ke6 {[%clk 0:02:25]} 78. Bb6 {[%clk 0:05:42]} Ra4+
{[%clk 0:02:32]} 79. Bd4 {[%clk 0:05:55]} Ra3 {[%clk 0:01:37]} 80. Bc5
{[%clk 0:06:07]} Ra6 {[%clk 0:01:51]} 81. Be3 {[%clk 0:06:17]} Kf6
{[%clk 0:01:30]} 82. Bd4+ {[%clk 0:06:30]} Ke7 {[%clk 0:01:45]} 83. Be3
{[%clk 0:06:42]} Kd6 {[%clk 0:01:45]} 84. Bf2 {[%clk 0:06:32]} Ra4+
{[%clk 0:02:07]} 85. Kf3 {[%clk 0:06:07]} Ke6 {[%clk 0:02:27]} 86. Bb6
{[%clk 0:05:42]} Kf5 {[%clk 0:01:59]} 87. Bf2 {[%clk 0:06:01]} Ra1
{[%clk 0:02:00]} 88. Bd4 {[%clk 0:05:55]} Ra4 {[%clk 0:02:14]} 89. Bf2
{[%clk 0:06:13]} Ke6 {[%clk 0:02:17]} 90. Bg1 {[%clk 0:06:23]} Kd5
{[%clk 0:02:18]} 91. Bf2 {[%clk 0:06:33]} Ra3+ {[%clk 0:02:29]} 92. Be3
{[%clk 0:06:56]} Kd6 {[%clk 0:02:16]} 93. Ke4 {[%clk 0:07:15]} Ke6
{[%clk 0:02:15]} 94. Bf2 {[%clk 0:07:34]} Ra4+ {[%clk 0:02:34]} 95. Bd4
{[%clk 0:07:49]} Kd6 {[%clk 0:02:53]} 96. Kf3 {[%clk 0:08:08]} Kd5
{[%clk 0:03:10]} 97. Bf2 {[%clk 0:08:23]} Kc4 {[%clk 0:03:21]} 98. Ke4
{[%clk 0:08:24]} Kc3+ {[%clk 0:03:24]} 99. Kf3 {[%clk 0:08:04]} Kd2
{[%clk 0:03:44]} 100. Be3+ {[%clk 0:07:38]} Ke1 {[%clk 0:04:02]} 101. Bf2+
{[%clk 0:08:02]} Kf1 {[%clk 0:04:21]} 102. Bc5 {[%clk 0:08:29]} Ke1
{[%clk 0:04:01]} 103. Bf2+ {[%clk 0:08:51]} Kd1 {[%clk 0:04:03]} 104. Bc5
{[%clk 0:09:11]} Kd2 {[%clk 0:04:23]} 105. Kf2 {[%clk 0:09:16]} Kd3
{[%clk 0:04:18]} 106. Kf3 {[%clk 0:09:37]} Kc4 {[%clk 0:04:29]} 107. Bf2
{[%clk 0:09:48]} Ra3+ {[%clk 0:04:36]} 108. Ke4 {[%clk 0:09:58]} Kc3
{[%clk 0:04:26]} 109. Ke3 {[%clk 0:10:22]} Rxa7 {[%clk 0:04:47]} 110. Kf3
{[%clk 0:10:47]} Ra3 {[%clk 0:04:55]} 111. Ke3 {[%clk 0:10:35]} Ra2
{[%clk 0:05:01]} 112. Be1+ {[%clk 0:10:41]} Kc4 {[%clk 0:05:17]} 113. Bf2
{[%clk 0:10:33]} Kd5 {[%clk 0:05:39]} 114. Kf3 {[%clk 0:09:57]} Ra3+
{[%clk 0:05:46]} 115. Be3 {[%clk 0:09:55]} Rb3 {[%clk 0:06:08]} 116. Kf2
{[%clk 0:09:38]} Ke4 {[%clk 0:06:31]} 117. Bc5 {[%clk 0:09:45]} Rb2+
{[%clk 0:06:57]} 118. Kg1 {[%clk 0:09:46]} Kf3 {[%clk 0:07:23]} 119. Bd4
{[%clk 0:09:54]} Ra2 0-1

[Event "EYCC 2024 - G14"]
[Site "?"]
[Date "2024.08.25"]
[Round "4.14"]
[White "Siskou, Evangelia"]
[Black "Huseynli, Ayan"]
[Result "1-0"]
[BlackElo "1804"]
[WhiteElo "1932"]
[LiveChessVersion "1.4.8"]

1. e4 {[%clk 1:30:55]} e6 {[%clk 1:30:56]} 2. d4 {[%clk 1:31:18]} d5
{[%clk 1:31:24]} 3. Nc3 {[%clk 1:31:40]} Bb4 {[%clk 1:31:49]} 4. Nge2
{[%clk 1:32:05]} dxe4 {[%clk 1:32:12]} 5. a3 {[%clk 1:32:30]} Ba5
{[%clk 1:32:35]} 6. b4 {[%clk 1:32:50]} Bb6 {[%clk 1:33:01]} 7. Nxe4
{[%clk 1:33:13]} a5 {[%clk 1:33:27]} 8. Bb2 {[%clk 1:33:32]} Nf6 {[%clk 1:33:46]}
9. Nxf6+ {[%clk 1:33:22]} Qxf6 {[%clk 1:33:59]} 10. c4 {[%clk 1:32:38]} c5
{[%clk 1:29:59]} 11. bxc5 {[%clk 1:28:45]} Bxc5 {[%clk 1:29:33]} 12. Ng3
{[%clk 1:27:01]} Bb6 {[%clk 1:19:53]} 13. Ne4 {[%clk 1:07:56]} Qe7
{[%clk 1:12:57]} 14. Bd3 {[%clk 1:03:09]} f5 {[%clk 1:12:19]} 15. Nd2
{[%clk 1:01:47]} O-O {[%clk 1:10:48]} 16. O-O {[%clk 1:01:35]} Nc6
{[%clk 1:10:04]} 17. Nf3 {[%clk 0:57:37]} Rd8 {[%clk 1:04:50]} 18. d5
{[%clk 0:56:34]} Qd6 {[%clk 0:58:54]} 19. Qb3 {[%clk 0:51:00]} Bc7
{[%clk 0:49:27]} 20. Rad1 {[%clk 0:47:56]} Na7 {[%clk 0:46:42]} 21. Qc3
{[%clk 0:41:57]} Qf8 {[%clk 0:44:29]} 22. dxe6 {[%clk 0:31:49]} Bxe6
{[%clk 0:44:11]} 23. Ng5 {[%clk 0:31:36]} Re8 {[%clk 0:37:10]} 24. c5
{[%clk 0:28:23]} Kh8 {[%clk 0:35:41]} 25. Rfe1 {[%clk 0:26:26]} Bg8
{[%clk 0:26:20]} 26. Bxf5 {[%clk 0:19:59]} Bf4 {[%clk 0:25:25]} 27. Ne6
{[%clk 0:14:10]} Bxe6 {[%clk 0:23:31]} 28. Bxe6 {[%clk 0:14:28]} Bg5
{[%clk 0:22:16]} 29. Qh3 {[%clk 0:07:07]} Bf6 {[%clk 0:21:42]} 30. Bxf6
{[%clk 0:06:20]} Qxf6 {[%clk 0:22:06]} 31. g3 {[%clk 0:04:37]} Rad8
{[%clk 0:21:01]} 32. Rxd8 {[%clk 0:03:48]} Rxd8 {[%clk 0:21:05]} 33. Bf5
{[%clk 0:03:53]} g6 {[%clk 0:21:15]} 34. Be4 {[%clk 0:02:06]} Qc3
{[%clk 0:21:00]} 35. Re3 {[%clk 0:02:02]} Qf6 {[%clk 0:18:25]} 36. Bxb7
{[%clk 0:01:56]} Rf8 {[%clk 0:15:54]} 37. Qf1 {[%clk 0:01:25]} Nb5
{[%clk 0:15:22]} 38. Rf3 {[%clk 0:01:29]} Qxf3 {[%clk 0:13:09]} 39. Bxf3
{[%clk 0:01:52]} Nd4 {[%clk 0:13:09]} 40. Qa1 {[%clk 0:01:56]} 1-0

[Event "EYCC 2024 - G14"]
[Site "?"]
[Date "2024.08.25"]
[Round "4.15"]
[White "Briem, Gudrun Fanney"]
[Black "Huseynova, Dinara"]
[Result "1-0"]
[BlackElo "1923"]
[WhiteElo "1764"]
[LiveChessVersion "1.4.8"]

1. d4 {[%clk 1:30:54]} Nf6 {[%clk 1:30:19]} 2. c4 {[%clk 1:31:10]} e6
{[%clk 1:30:34]} 3. g3 {[%clk 1:31:19]} Bb4+ {[%clk 1:30:06]} 4. Nd2
{[%clk 1:23:37]} c5 {[%clk 1:23:32]} 5. dxc5 {[%clk 1:16:48]} Bxc5
{[%clk 1:23:58]} 6. e3 {[%clk 1:11:57]} Nc6 {[%clk 1:21:23]} 7. a3
{[%clk 1:08:49]} a5 {[%clk 1:20:21]} 8. Ngf3 {[%clk 1:07:13]} a4 {[%clk 1:14:08]}
9. Bg2 {[%clk 1:05:00]} e5 {[%clk 1:05:50]} 10. O-O {[%clk 1:01:35]} d6
{[%clk 1:06:17]} 11. b4 {[%clk 0:54:28]} axb3 {[%clk 1:05:10]} 12. Nxb3
{[%clk 0:53:56]} Ba7 {[%clk 1:05:22]} 13. Bb2 {[%clk 0:52:51]} h5
{[%clk 1:00:46]} 14. Qc2 {[%clk 0:38:42]} Be6 {[%clk 0:47:43]} 15. Rfd1
{[%clk 0:30:55]} Qe7 {[%clk 0:44:38]} 16. Rac1 {[%clk 0:23:06]} Nd7
{[%clk 0:44:15]} 17. Nh4 {[%clk 0:18:11]} Nc5 {[%clk 0:40:42]} 18. Nxc5
{[%clk 0:16:19]} Bxc5 19. Nf5 {[%clk 0:16:07]} Bxf5 {[%clk 0:39:34]} 20. Qxf5
{[%clk 0:16:30]} g6 {[%clk 0:39:51]} 21. Qf3 {[%clk 0:10:05]} Rh6
{[%clk 0:34:08]} 22. Rc3 {[%clk 0:08:30]} h4 {[%clk 0:27:40]} 23. Rb3
{[%clk 0:07:07]} Rd8 {[%clk 0:24:44]} 24. Rb5 {[%clk 0:06:21]} f5
{[%clk 0:18:10]} 25. Qd5 {[%clk 0:06:31]} Kf8 {[%clk 0:13:50]} 26. Rd3
{[%clk 0:05:04]} hxg3 {[%clk 0:13:47]} 27. hxg3 {[%clk 0:05:23]} g5
{[%clk 0:13:38]} 28. Rdb3 {[%clk 0:03:58]} Rd7 {[%clk 0:13:41]} 29. Rd3
{[%clk 0:03:51]} Rc7 {[%clk 0:12:22]} 30. Rd1 {[%clk 0:03:24]} f4
{[%clk 0:11:34]} 31. exf4 {[%clk 0:02:20]} gxf4 {[%clk 0:11:56]} 32. Qf3
{[%clk 0:01:12]} Rf6 {[%clk 0:09:30]} 33. g4 {[%clk 0:01:01]} Rh6
{[%clk 0:09:36]} 34. Qe4 {[%clk 0:00:43]} Qh4 {[%clk 0:09:19]} 35. Rxc5
{[%clk 0:00:45]} dxc5 {[%clk 0:09:01]} 36. Bxe5 {[%clk 0:00:55]} Nxe5
{[%clk 0:00:44]} 37. Qxe5 {[%clk 0:01:19]} Qe7 {[%clk 0:00:36]} 38. Qxf4+
{[%clk 0:01:11]} Rf6 {[%clk 0:00:50]} 39. Qg5 {[%clk 0:01:07]} Qg7
{[%clk 0:00:40]} 40. Rd8+ {[%clk 0:01:21]} Kf7 {[%clk 0:00:45]} 41. Bd5+
{[%clk 0:01:38]} Re6 {[%clk 0:00:54]} 42. Qxg7+ {[%clk 0:01:30]} Kxg7
{[%clk 0:01:23]} 43. Bxe6 {[%clk 0:01:51]} Rc6 {[%clk 0:01:14]} 44. Bd5
{[%clk 0:02:11]} Ra6 {[%clk 0:01:35]} 45. Rd7+ {[%clk 0:02:24]} Kf6
{[%clk 0:01:43]} 46. Rxb7 {[%clk 0:02:16]} Rxa3 {[%clk 0:02:09]} 47. Rb5
{[%clk 0:02:32]} Kg5 {[%clk 0:02:17]} 48. Be6 {[%clk 0:02:32]} Kf6 49. Bf5
{[%clk 0:02:53]} Kg5 {[%clk 0:02:10]} 50. Rxc5 {[%clk 0:03:18]} Kf4
{[%clk 0:02:40]} 51. Kg2 {[%clk 0:03:38]} 1-0